00286nam a2200121Ia 45000030006000000080041000060400015000471000012000622450026000742600035001005460012001350050017001470STCL150530s9999 xx 000 0 und d aSTCLcSTCL aMaxwell aPoets of the thirties bRoutledge and Kegan Paulc1969 aEnglish20220125170905.0